[Event "ICS rated standard match"]
[Site "204.178.125.65"]
[Date "2000.06.26"]
[Round "?"]
[White "Amateur"]
[Black "Hossa"]
[Result "1-0"]
[WhiteElo "2333"]
[BlackElo "2303"]
[PlyCount "115"]
[EventDate "2000.??.??"]

1. c4 e5 2. Nc3 Nf6 3. Nf3 d6 4. d4 Nbd7 5. Bg5 exd4 6. Nxd4 Be7 7. Nf5 h6 8.
Bh4 g5 9. Bg3 Nh5 10. Nxe7 Nxg3 11. Qd4 f6 12. hxg3 Qxe7 13. f4 c5 14. Qd3 gxf4
15. gxf4 Nb6 16. Nb5 Kf8 17. b3 Bg4 18. Qxd6 h5 19. Qxe7+ Kxe7 20. g3 Bd7 21.
Bg2 Bxb5 22. cxb5 Rab8 23. Rc1 Nd7 24. Bf3 Rbg8 25. Kf2 Rb8 26. Bxh5 Rbg8 27.
Bf3 Rxh1 28. Rxh1 b6 29. Rh7+ Kd6 30. Bc6 Nb8 31. Rf7 Rg6 32. Be4 Rh6 33. Rxa7
c4 34. Rb7 Nd7 35. Bf5 cxb3 36. Rxd7+ Kc5 37. axb3 Rh2+ 38. Kf3 Rh8 39. Rf7 Rh6
40. Rh7 Rxh7 41. Bxh7 Kd6 42. Kg4 Ke6 43. Bd3 Kf7 44. Kf5 Kg7 45. Ke6 f5 46.
Ke7 Kg6 47. g4 Kh6 48. gxf5 Kh5 49. f6 Kg4 50. f5 Kf4 51. f7 Ke3 52. f8=Q Kf2
53. f6 Kf1 54. f7 Ke1 55. Qh6 Kf2 56. f8=Q+ Kg2 57. Qf3+ Kg1 58. Qhh1# 1-0

[Event "ICS rated standard match"]
[Site "204.178.125.65"]
[Date "2000.06.26"]
[Round "?"]
[White "TerraPi"]
[Black "Hossa"]
[Result "0-1"]
[WhiteElo "2241"]
[BlackElo "2303"]
[PlyCount "110"]
[EventDate "2000.??.??"]

1. f4 e5 2. e4 exf4 3. Nf3 Qe7 4. Nc3 Nf6 5. d3 d5 6. e5 d4 7. Nxd4 Bg4 8. Nf3
Nc6 9. Qe2 Nd4 10. Nxd4 Bxe2 11. exf6 Qxf6 12. Ndxe2 Bd6 13. Ne4 Qh4+ 14. Kd1
O-O-O 15. Nxd6+ Rxd6 16. Bxf4 Re6 17. g3 Qh5 18. g4 Qxg4 19. Rg1 Qf3 20. a4
Rhe8 21. Kc1 Rxe2 22. Bxe2 Rxe2 23. Bd2 Rxh2 24. b3 Qe2 25. Rd1 g5 26. a5 a6
27. Ra4 f5 28. Rc4 h6 29. Bb4 Rf2 30. Bf8 Qe5 31. Kb1 h5 32. Bb4 Qe2 33. Re1
Rf1 34. Rxf1 Qxf1+ 35. Kb2 h4 36. Be7 Qg1 37. Bc5 Qg3 38. Bd4 h3 39. Bf6 h2 40.
Rd4 b5 41. Rd8+ Kb7 42. Rh8 g4 43. Ka3 Qd6+ 44. Ka2 g3 45. Bb2 g2 46. Rxh2 Qxh2
47. Bd4 f4 48. Kb2 f3 49. Bf2 Qe5+ 50. Ka3 Qe2 51. c3 Qxf2 52. d4 Qd2 53. Kb4
g1=Q 54. Kc5 Qdg5+ 55. Kb4 Qe7# {TerraPi checkmated} 0-1

[Event "ICS rated standard match"]
[Site "204.178.125.65"]
[Date "2000.06.26"]
[Round "?"]
[White "Hossa"]
[Black "TerraPi"]
[Result "0-1"]
[WhiteElo "2316"]
[BlackElo "2228"]
[PlyCount "158"]
[EventDate "2000.??.??"]

1. d4 g6 2. e4 c5 3. dxc5 Qa5+ 4. Nc3 Bg7 5. Bd2 Qxc5 6. Bd3 Nf6 7. Nf3 Nc6 8.
O-O O-O 9. Qe2 Ng4 10. Rab1 Nb4 11. Ng5 Ne5 12. Be3 Qa5 13. Qd2 Nbxd3 14. cxd3
h6 15. Nh3 Ng4 16. d4 Nxe3 17. fxe3 d6 18. Nf4 Bd7 19. Qf2 Kh8 20. Rbc1 Rac8
21. Rc2 Qg5 22. Ncd5 Rxc2 23. Qxc2 e5 24. dxe5 dxe5 25. Ne2 Be6 26. Qc5 b6 27.
Qa3 f5 28. Nec3 Rf7 29. Qd6 Bxd5 30. Nxd5 Kh7 31. Qe6 Rf8 32. Qd7 a5 33. exf5
Rxf5 34. Rxf5 gxf5 35. Qf7 b5 36. Qd7 b4 37. Qc7 Qg6 38. Qxa5 Qc6 39. h3 Qc1+
40. Kh2 Qd2 41. b3 h5 42. Nxb4 Qxe3 43. Nd5 Qd4 44. Qb5 e4 45. Nf4 Be5 46. Qb7+
Kh6 47. Qa6+ Bd6 48. g3 h4 49. Kh1 Qd1+ 50. Kg2 Qf3+ 51. Kg1 Qxg3+ 52. Ng2 e3
53. a4 Qh2+ 54. Kf1 Qh1+ 55. Ke2 Qxg2+ 56. Kxe3 Qxh3+ 57. Kd4 Qh2 58. Kd3 Qg3+
59. Ke2 h3 60. Qc6 h2 61. a5 Qg4+ 62. Kd2 Qd4+ 63. Kc1 Qa1+ 64. Kd2 h1=Q 65.
Qxh1+ Qxh1 66. Kc2 Qg2+ 67. Kc3 Qf3+ 68. Kc4 Qc6+ 69. Kd3 Qf3+ 70. Kc4 Qc6+ 71.
Kd3 Qe4+ 72. Kc3 Bb4+ 73. Kb2 Qe2+ 74. Kc1 Qd2+ 75. Kb1 Qd1+ 76. Kb2 Qe2+ 77.
Kc1 Qd2+ 78. Kb1 Bc3 79. a6 Qb2# {Hossa checkmated} 0-1

[Event "ICS rated standard match"]
[Site "204.178.125.65"]
[Date "2000.06.26"]
[Round "?"]
[White "QueenMaxima"]
[Black "Hossa"]
[Result "1-0"]
[WhiteElo "2365"]
[BlackElo "2296"]
[PlyCount "133"]
[EventDate "2000.??.??"]

1. e4 d5 2. exd5 Qxd5 3. Nc3 Qa5 4. d4 Nf6 5. Nf3 c6 6. Ne5 Nbd7 7. Nc4 Qc7 8.
Bd3 b5 9. Nd2 e6 10. a4 bxa4 11. Rxa4 Bd6 12. Nde4 Be7 13. O-O O-O 14. Nxf6+
Nxf6 15. Ne4 Nxe4 16. Bxe4 f5 17. Bf3 Bd6 18. h3 Bh2+ 19. Kh1 Bd6 20. Re1 Rb8
21. Rc4 Bd7 22. b3 Rb5 23. Ra4 Rb4 24. Ra1 c5 25. Bb2 c4 26. Ba3 cxb3 27. cxb3
Rb6 28. Rc1 Qb8 29. Bc5 Rb5 30. Be2 Rb7 31. Ba6 Rc7 32. Bc4 Rb7 33. Qf3 Bxc5
34. dxc5 Bc8 35. Rcd1 f4 36. Re4 Re7 37. c6 Qc7 38. Red4 a5 39. Kg1 Ref7 40.
Rd6 Re8 41. Bd3 Qb8 42. Bc2 Qb5 43. Rd8 Ref8 44. R1d6 g6 45. Qc3 f3 46. g3 Qh5
47. h4 Qb5 48. c7 Qb4 49. Qe5 Qg4 50. Rxc8 Rxc8 51. Rd8+ Rf8 52. Qf6 Rcxd8 53.
cxd8=Q Rxd8 54. Qxd8+ Kg7 55. Qe7+ Kg8 56. Bd3 Qh3 57. Bf1 Qf5 58. Bc4 Qd5 59.
Bxd5 exd5 60. Qf6 d4 61. Kf1 d3 62. Ke1 h5 63. Kd1 g5 64. hxg5 h4 65. g6 a4 66.
Qf7+ Kh8 67. Qh7# {Hossa checkmated} 1-0

[Event "ICS rated standard match"]
[Site "204.178.125.65"]
[Date "2000.06.26"]
[Round "?"]
[White "Hossa"]
[Black "TerraPi"]
[Result "1-0"]
[WhiteElo "2283"]
[BlackElo "2254"]
[PlyCount "177"]
[EventDate "2000.??.??"]

1. d4 c6 2. e3 Nf6 3. Nf3 g6 4. Bd3 Bg7 5. e4 Na6 6. e5 Nd5 7. O-O O-O 8. Bxa6
bxa6 9. c4 Nb6 10. Na3 Bb7 11. Qe2 Qc7 12. Bf4 Rad8 13. Qe3 Qc8 14. Bh6 f5 15.
Bxg7 Kxg7 16. Ng5 f4 17. Qe2 Rf5 18. Nf3 Kh8 19. c5 Nd5 20. Nc4 Qc7 21. Ncd2
Re8 22. Ne4 Ref8 23. Rfe1 Rd8 24. Nfg5 Rdf8 25. Qg4 h5 26. Qe2 Qc8 27. Qc4 Nc7
28. Rad1 Nd5 29. b4 Rg8 30. a3 Rg7 31. h4 Nc7 32. Qb3 Qd8 33. a4 Qg8 34. Qa3
Qc4 35. Qb2 Nd5 36. e6 dxe6 37. Nxe6 Rg8 38. Rb1 Rb8 39. Rec1 Qd3 40. Nc3 Nxc3
41. Rxc3 Qe4 42. d5 Rf6 43. Rcc1 Kg8 44. Ng5 Qxd5 45. Re1 Qd7 46. Rbd1 Qg4 47.
Qb3+ e6 48. f3 Qf5 49. Ne4 Bc8 50. Nd6 Qxc5+ 51. bxc5 Rxb3 52. Nxc8 Rc3 53. Re5
Rf7 54. Rxe6 Rc7 55. Rxc6 Rxc6 56. Ne7+ Kf7 57. Nxc6 Rxc5 58. Nb8 Ke6 59. Re1+
Kd6 60. Re4 a5 61. Rxf4 Rc8 62. Na6 Ke7 63. Re4+ Kd6 64. Kf2 Rc2+ 65. Kg3 Rc6
66. Rd4+ Ke6 67. Nb8 Rc8 68. Nd7 a6 69. Kf4 Rc2 70. g3 Rb2 71. Kg5 Rg2 72. g4
hxg4 73. fxg4 Rc2 74. Kxg6 Rc8 75. Nf6 Ke7 76. Re4+ Kd6 77. h5 Rc2 78. h6 Rh2
79. h7 Rxh7 80. Kxh7 Kc5 81. Kg8 Kc6 82. Kf8 Kd6 83. Kf7 Kc5 84. Ke7 Kb6 85.
Kd6 Kb7 86. Re7+ Kc8 87. Kc6 Kb8 88. Kb6 Kc8 89. Re8# {TerraPi checkmated} 1-0

[Event "ICS rated standard match"]
[Site "204.178.125.65"]
[Date "2000.06.26"]
[Round "?"]
[White "TerraPi"]
[Black "Hossa"]
[Result "0-1"]
[WhiteElo "2239"]
[BlackElo "2298"]
[PlyCount "106"]
[EventDate "2000.??.??"]

1. e4 g6 2. Bc4 Nc6 3. Nf3 Nf6 4. e5 d5 5. Bb5 Ng4 6. h3 Nh6 7. d4 a6 8. Bxc6+
bxc6 9. O-O Nf5 10. Nc3 Rb8 11. Re1 Bg7 12. g4 Nh6 13. Bf4 Ng8 14. b3 h5 15.
Ng5 hxg4 16. e6 Nh6 17. exf7+ Nxf7 18. hxg4 e5 19. Nxf7 Kxf7 20. Bxe5 Qh4 21.
Qf3+ Kg8 22. Bxc7 Bxg4 23. Qg2 Rf8 24. Bg3 Qg5 25. Nxd5 cxd5 26. Re5 Qd8 27.
Rxd5 Qa8 28. f4 Bxd4+ 29. Rxd4 Bf3 30. Qd2 Rh1+ 31. Kf2 Rxa1 32. Qd3 Bh5 33.
Qc4+ Rf7 34. Re4 Qa7+ 35. Re3 Re1 36. Qd3 Re2+ 37. Qxe2 Bxe2 38. Kxe2 Qa8 39.
Rd3 Qg2+ 40. Kd1 Rc7 41. c4 Re7 42. Bh4 Qg4+ 43. Kc2 Qxh4 44. Rd8+ Kf7 45. Rd2
Qxf4 46. a4 Re3 47. Rd7+ Ke6 48. Rd2 Qe4+ 49. Kc1 Rxb3 50. Rd6+ Kxd6 51. c5+
Kxc5 52. a5 Qg2 53. Kd1 Rb1# {TerraPi checkmated} 0-1

[Event "ICS rated bullet match"]
[Site "204.178.125.65"]
[Date "2000.06.26"]
[Round "?"]
[White "MisterBig"]
[Black "Hossa"]
[Result "0-1"]
[WhiteElo "1929"]
[BlackElo "2550"]
[PlyCount "84"]
[EventDate "2000.??.??"]

1. e3 g6 2. d4 Bg7 3. c4 Nf6 4. Nc3 c5 5. b3 cxd4 6. exd4 Nc6 7. Nf3 d6 8. Be2
O-O 9. O-O Bf5 10. Be3 Ng4 11. Qd2 Nxe3 12. fxe3 Qa5 13. Nh4 Bd7 14. Kh1 Rac8
15. Rac1 Qc7 16. Nd5 Qb8 17. Nf3 e6 18. Nc3 f5 19. Nb5 Nd8 20. Nc3 Nf7 21. Rfd1
g5 22. Bd3 g4 23. Ng1 Ng5 24. Nce2 Qc7 25. Nf4 g3 26. Nge2 gxh2 27. Ng3 Ra8 28.
Ngh5 Bh8 29. Qf2 Qd8 30. Qh4 Ne4 31. Qxh2 Nf2+ 32. Kg1 Nxd1 33. Qg3+ Kf7 34.
Rxd1 Rg8 35. Qf3 Rb8 36. d5 Qg5 37. e4 Bd4+ 38. Kf1 e5 39. exf5 exf4 40. Be4
Be3 41. Nxf4 Bxf4 42. Qxf4 Qxf4+ {MisterBig resigns} 0-1

[Event "ICS rated standard match"]
[Site "204.178.125.65"]
[Date "2000.06.26"]
[Round "?"]
[White "Hossa"]
[Black "TerraPi"]
[Result "1-0"]
[WhiteElo "2311"]
[BlackElo "2233"]
[PlyCount "157"]
[EventDate "2000.??.??"]

1. d4 c6 2. e3 Nf6 3. Nf3 e6 4. Bd3 Na6 5. e4 Nb4 6. Bg5 h6 7. Bxf6 Nxd3+ 8.
Qxd3 Qxf6 9. O-O Qd8 10. c4 Be7 11. c5 b6 12. Rc1 O-O 13. Nbd2 Rb8 14. Nb3 f5
15. e5 g5 16. Nfd2 Bb7 17. Qh3 Kh7 18. Re1 g4 19. Qc3 b5 20. a4 a6 21. axb5
cxb5 22. Nf1 b4 23. Qd3 Kh8 24. Na5 Bc8 25. Nc4 Rb5 26. Nb6 Bb7 27. Nd2 Qc7 28.
Nb3 f4 29. Qg6 Bg5 30. Na5 f3 31. Nxb7 Qxb7 32. g3 b3 33. Qe4 Qa7 34. Qxg4 Rb4
35. Ra5 Rb5 36. Ra4 Bd2 37. Rea1 a5 38. Nc4 Bg5 39. Nd6 Rbb8 40. Rxa5 Qc7 41.
Ra7 Qc6 42. R1a6 Qd5 43. h4 Rb4 44. hxg5 Rxd4 45. Qh5 Rd1+ 46. Kh2 Qd3 47. Nf7+
Kh7 48. Ra1 Rxa1 49. Rxa1 Qg6 50. Qxh6+ Qxh6+ 51. Nxh6 Kg6 52. Ng4 Rc8 53. Ra3
Rxc5 54. Rxb3 Kxg5 55. Nf6 Rxe5 56. Nxd7 Rd5 57. Nf8 e5 58. Rxf3 Rd2 59. b3 e4
60. Ne6+ Kg6 61. Rf4 e3 62. Kg2 Rb2 63. Nd4 Rd2 64. Kf3 exf2 65. Ke3 Rd1 66.
Rxf2 Rg1 67. Kf4 Re1 68. b4 Kf6 69. b5 Ke7 70. Re2+ Kd6 71. Rxe1 Kc5 72. Rc1+
Kxd4 73. b6 Kd3 74. b7 Kd2 75. Rc5 Ke2 76. b8=Q Kd3 77. Qb3+ Ke2 78. Rc2+ Ke1
79. Qb1# {TerraPi checkmated} 1-0

[Event "ICS Rated standard match"]
[Site "204.178.125.65"]
[Date "2000.06.26"]
[Round "?"]
[White "Hossa"]
[Black "dilworth"]
[Result "0-1"]
[WhiteElo "2334"]
[BlackElo "2354"]
[PlyCount "165"]
[EventDate "2000.??.??"]

1. d4 d5 2. Nf3 Nf6 3. e3 Bf5 4. Bd3 Bxd3 5. Qxd3 Nbd7 6. Nc3 e6 7. Qb5 Qb8 8.
Bd2 c6 9. Qe2 Bb4 10. Nb1 Be7 11. Nc3 Ne4 12. O-O-O Ndf6 13. Nxe4 Nxe4 14. h4
Qc7 15. Kb1 c5 16. h5 O-O 17. h6 g6 18. Rhe1 Rac8 19. c3 Bf6 20. Rf1 Rfd8 21.
Rc1 a6 22. Rfd1 b5 23. g3 Qd6 24. Rh1 Rc7 25. Rc2 Rdc8 26. Rhc1 Qf8 27. Rh1 b4
28. cxb4 cxb4 29. Rxc7 Rxc7 30. g4 b3 31. axb3 Rb7 32. Qxa6 Rxb3 33. Rc1 Rb8
34. Be1 Nd6 35. Qa7 Nc4 36. Bc3 Na3+ 37. Ka2 Nb5 38. Qd7 Ra8+ 39. Kb1 Nxc3+ 40.
Rxc3 Qxh6 41. Rc1 Qh3 42. Ne1 Qxg4 43. Qc6 Qe4+ 44. Rc2 Rb8 45. Qc7 Rb3 46. Ka2
Rb4 47. b3 Rxd4 48. Qb8+ Kg7 49. exd4 Qxd4 50. b4 Qa1+ 51. Kb3 Qxe1 52. Ra2
Qc3+ 53. Ka4 Qc4 54. Ka3 e5 55. Qd6 e4 56. Qg3 Qc1+ 57. Ka4 d4 58. Kb5 Qf1+ 59.
Kc5 d3 60. Qd6 Qc1+ 61. Kb5 Qc8 62. Ra7 Qf5+ 63. Qc5 Qf4 64. Ra8 Kh6 65. Ra7 d2
66. Rd7 Bg5 67. Ka4 Qf3 68. Ka5 d1=Q 69. Qf8+ Kh5 70. Rxd1 Qxd1 71. Qxf7 h6 72.
Qe6 Qd4 73. Qh3+ Bh4 74. f4 Qd3 75. Qh1 Kg4 76. Kb6 e3 77. Qg2+ Bg3 78. f5 g5
79. Qc6 e2 80. b5 e1=Q 81. Qc8 Qd6+ 82. Kb7 Qe4+ 83. Ka7 {Hossa resigns} 0-1

[Event "ICS Rated standard match"]
[Site "204.178.125.65"]
[Date "2000.06.26"]
[Round "?"]
[White "PostModernist"]
[Black "Hossa"]
[Result "0-1"]
[WhiteElo "2389"]
[BlackElo "2328"]
[PlyCount "124"]
[EventDate "2000.??.??"]

1. d4 Nf6 2. c4 e6 3. Nf3 b6 4. Nc3 Bb7 5. a3 c5 6. e3 cxd4 7. exd4 Be7 8. d5
exd5 9. cxd5 d6 10. Bc4 O-O 11. O-O Nbd7 12. Re1 Re8 13. Be3 Ng4 14. Bd4 Bf6
15. Rxe8+ Qxe8 16. Bxf6 Ndxf6 17. Qd4 Qd7 18. Re1 Rc8 19. h3 Nh6 20. g4 Re8 21.
Rxe8+ Nxe8 22. Bb5 Qd8 23. Qf4 f5 24. gxf5 Nf6 25. Nd4 Nf7 26. Ne6 Qe7 27. Qg3
Ne5 28. f4 Ned7 29. Bc6 Ba6 30. Bxd7 Qxd7 31. b3 Qf7 32. a4 Ne8 33. Nd4 Kh8 34.
Qe3 Nf6 35. Ne6 Qh5 36. Qg3 Qf7 37. Qf3 Qb7 38. Kf2 b5 39. axb5 Bxb5 40. Qg3
Be8 41. Qg5 h6 42. Qg1 Nh5 43. Qb1 Qb6+ 44. Kf3 Nf6 45. Qb2 Bh5+ 46. Kg2 Qe3
47. Kh2 Bf3 48. Qc2 Qe1 49. Nd4 Nh5 50. Nxf3 Qg3+ 51. Kh1 Qxf3+ 52. Kg1 Nxf4
53. Qd2 Nxh3+ 54. Kh2 Qxf5 55. Nb5 Ng5 56. Qg2 Qe5+ 57. Kh1 Qe1+ 58. Kh2 Qh4+
59. Kg1 Nh3+ 60. Kh1 Nf4+ 61. Qh2 Qe1+ 62. Qg1 Qe2 0-1

[Event "ICS unrated blitz match"]
[Site "204.178.125.65"]
[Date "2000.06.26"]
[Round "?"]
[White "Hossa"]
[Black "GeorgeVidan"]
[Result "1-0"]
[WhiteElo "2365"]
[BlackElo "2474"]
[PlyCount "107"]
[EventDate "2000.??.??"]

1. c4 e5 2. Nc3 c6 3. d4 exd4 4. Qxd4 Qb6 5. Qe5+ Ne7 6. Ne4 f6 7. Nd6+ Kd8 8.
Qe3 Qb4+ 9. Qd2 Qxd2+ 10. Bxd2 Rg8 11. c5 b6 12. e4 Ng6 13. Bc4 Bxd6 14. Bxg8
Bxc5 15. Ne2 Ba6 16. Bxh7 Ne5 17. Bc3 Ng4 18. Nd4 Ne5 19. Kd2 Nc4+ 20. Kc2 Ne5
21. Rhd1 Kc7 22. Nf5 Bf8 23. f4 Nc4 24. Kb3 Na5+ 25. Bxa5 bxa5 26. Bg6 a4+ 27.
Kxa4 Bb5+ 28. Kb3 Na6 29. Nd4 Nc5+ 30. Kc3 Ba6 31. b4 Nb7 32. Rab1 Nd6 33. a4
Rb8 34. g4 Bc8 35. Rb2 a6 36. h4 Nb7 37. g5 Bd6 38. gxf6 gxf6 39. Ne2 a5 40.
bxa5 Bf8 41. a6 Nc5 42. Rxb8 Kxb8 43. Rb1+ Ka7 44. a5 Bxa6 45. Ng3 Bd3 46. Rd1
Bb5 47. Nh5 Be7 48. Ra1 Na6 49. Bf5 Bb4+ 50. Kc2 c5 51. Nxf6 c4 52. Bxd7 Bxd7
53. Nxd7 Kb7 54. e5 1-0

[Event "ICS unrated blitz match"]
[Site "204.178.125.65"]
[Date "2000.06.26"]
[Round "?"]
[White "Hossa"]
[Black "GeorgeVidan"]
[Result "1-0"]
[WhiteElo "2365"]
[BlackElo "2474"]
[PlyCount "79"]
[EventDate "2000.??.??"]

1. c4 d6 2. Nc3 Nf6 3. d4 Nbd7 4. Nf3 c6 5. Bf4 g6 6. e4 Qc7 7. e5 Nh5 8. exd6
exd6 9. Qe2+ Be7 10. Bh6 Ndf6 11. O-O-O Bg4 12. h3 Bxf3 13. Qxf3 Rg8 14. Re1
O-O-O 15. g4 Ng7 16. Bg5 Nge8 17. Bd2 Bf8 18. Kb1 Bg7 19. g5 Nh5 20. Be2 f5 21.
Qd3 Qf7 22. Rhg1 Nc7 23. Bxh5 gxh5 24. Ne2 d5 25. c5 Ne6 26. Ba5 Rde8 27. h4
Rh8 28. Qc3 f4 29. f3 Nc7 30. Bxc7 Qxc7 31. Qd2 Rhf8 32. Nc3 Qf7 33. Re2 Rxe2
34. Nxe2 Qf5+ 35. Ka1 Qh3 36. Nxf4 Qxf3 37. Ne6 Rf7 38. Re1 Bf8 39. Qa5 Qg3 40.
Qd8# 1-0

[Event "ICS Rated standard match"]
[Site "204.178.125.65"]
[Date "2000.06.26"]
[Round "?"]
[White "Hossa"]
[Black "PostModernist"]
[Result "0-1"]
[WhiteElo "2347"]
[BlackElo "2370"]
[PlyCount "140"]
[EventDate "2000.??.??"]

1. c4 e5 2. Nc3 Nf6 3. Nf3 d6 4. d4 Nbd7 5. Bg5 Be7 6. dxe5 dxe5 7. Qc2 c6 8.
e3 Bb4 9. Be2 Qa5 10. Nd2 Bxc3 11. bxc3 O-O 12. O-O Re8 13. Rfd1 e4 14. Bf4 Qf5
15. Nb3 Qg6 16. Rab1 b6 17. Rd6 c5 18. Rbd1 Ne5 19. a4 Nd3 20. Bg3 Bf5 21. Bh4
Red8 22. Rxd8+ Rxd8 23. a5 Ra8 24. axb6 axb6 25. Nc1 Ng4 26. Bg3 Nge5 27. Bxe5
Nxe5 28. Qa4 Rf8 29. Bf1 Bg4 30. Rd5 Qg5 31. Qc2 Be6 32. Qxe4 Bxd5 33. cxd5 Ng6
34. c4 Ra8 35. Nb3 Qf6 36. Qc2 Ne5 37. Be2 g5 38. Bf1 g4 39. e4 Qf4 40. Be2 h5
41. g3 Nf3+ 42. Kh1 Qf6 43. Bd1 Re8 44. Qe2 Qc3 45. Bc2 Ra8 46. d6 Ne5 47. d7
Rd8 48. Qd1 Rxd7 49. Qc1 Qxc4 50. Qg5+ Ng6 51. Qc1 Qe2 52. Qb1 Qxf2 53. Qc1 c4
54. Nd4 Rxd4 55. Qg1 Qf3+ 56. Qg2 Rd1+ 57. Bxd1 Qxd1+ 58. Qg1 Qf3+ 59. Qg2
Qxg2+ 60. Kxg2 c3 61. Kf2 c2 62. Ke2 c1=Q 63. Kf2 Ne5 64. Ke2 Nf3 65. Kd3 Qd2+
66. Kc4 Ne5+ 67. Kb3 Qd3+ 68. Ka2 Nc4 69. e5 Qc2+ 70. Ka1 Qb2# {
Hossa checkmated} 0-1

[Event "ICS rated standard match"]
[Site "204.178.125.65"]
[Date "2000.06.26"]
[Round "?"]
[White "ZarkovX"]
[Black "Hossa"]
[Result "1-0"]
[WhiteElo "2584"]
[BlackElo "2344"]
[PlyCount "70"]
[EventDate "2000.??.??"]

1. d4 d5 2. c4 c6 3. Nf3 Nf6 4. Nc3 e6 5. e3 Nbd7 6. Bd3 dxc4 7. Bxc4 b5 8. Bd3
Bb7 9. O-O a6 10. e4 c5 11. d5 c4 12. Bc2 Qc7 13. Nd4 Bd6 14. f4 Bc5 15. dxe6
fxe6 16. Kh1 Qb6 17. Be3 O-O 18. e5 Nd5 19. Qh5 h6 20. Nxd5 Bxd5 21. Rad1 Rfd8
22. Qg4 b4 23. a4 bxa3 24. bxa3 Re8 25. Qg3 Qb2 26. f5 Bxd4 27. f6 Nxf6 28.
Rxd4 Nh7 29. Bxh6 Qb7 30. Qg6 Nf8 31. Rxf8+ Kxf8 32. Rf4+ Ke7 33. Bg5+ Kd7 34.
Rf7+ Kc8 35. Rxb7 Kxb7 {Hossa resigns} 1-0

[Event "ICS rated standard match"]
[Site "204.178.125.65"]
[Date "2000.06.26"]
[Round "?"]
[White "Hossa"]
[Black "ZarkovX"]
[Result "0-1"]
[WhiteElo "2338"]
[BlackElo "2590"]
[PlyCount "77"]
[EventDate "2000.??.??"]

1. e4 c5 2. Nf3 Nc6 3. d4 cxd4 4. Nxd4 e6 5. Nb5 d6 6. c4 Nf6 7. N1c3 a6 8. Na3
b6 9. Be2 Be7 10. Bg5 O-O 11. Qd2 e5 12. Nc2 h6 13. Be3 Ng4 14. Bxg4 Bxg4 15.
O-O Rb8 16. Nd5 b5 17. cxb5 axb5 18. Rfc1 Bh4 19. Ncb4 Na5 20. Na6 Nc4 21. Qb4
Rc8 22. Qxb5 Nxe3 23. Nxe3 Bd7 24. Qb7 Bg5 25. Rc7 Bxe3 26. fxe3 Qg5 27. Re1
Bh3 28. Re2 Bg4 29. Rf2 Qxe3 30. b3 Rxc7 31. Nxc7 Rc8 32. h3 Bd7 33. Qd5 Rxc7
34. Qxf7+ Kh7 35. Qf3 Rc1+ 36. Kh2 Qd4 37. Qf8 Be8 38. Re2 Qg1+ 39. Kg3 {
Hossa resigns} 0-1

[Event "ICS Rated standard match"]
[Site "204.178.125.65"]
[Date "2000.06.27"]
[Round "?"]
[White "Hossa"]
[Black "Amateur"]
[Result "0-1"]
[WhiteElo "2332"]
[BlackElo "2348"]
[PlyCount "61"]
[EventDate "2000.??.??"]

1. d4 e6 2. c4 Nf6 3. Nc3 Bb4 4. Qc2 Nc6 5. Nf3 d5 6. a3 Bxc3+ 7. Qxc3 Ne4 8.
Qc2 Qf6 9. Be3 Nd6 10. cxd5 exd5 11. Qc5 Be6 12. Ne5 Nxe5 13. dxe5 Qxe5 14. Bd4
Qg5 15. h4 Qg4 16. Be5 O-O 17. Qxc7 Nc4 18. Bc3 Rfc8 19. Qxb7 d4 20. b3 Ne3 21.
Rh3 Nc2+ 22. Kd1 Nxa1 23. Bxa1 Qf5 24. e4 Qxf2 25. Rf3 Qa2 26. Bc4 Qxa1+ 27.
Ke2 Qb2+ 28. Kf1 Bxc4+ 29. Kg1 d3 30. Rf2 d2 31. Rxd2 {Hossa resigns} 0-1

[Event "ICS Rated blitz match"]
[Site "204.178.125.65"]
[Date "2000.06.27"]
[Round "?"]
[White "Amateur"]
[Black "Hossa"]
[Result "1-0"]
[WhiteElo "2527"]
[BlackElo "2365"]
[PlyCount "127"]
[EventDate "2000.??.??"]

1. e4 g6 2. d4 Bg7 3. Nc3 a6 4. Bf4 Nc6 5. d5 e5 6. Be3 Nd4 7. Nge2 Nxe2 8.
Bxe2 d6 9. Qd3 Nf6 10. h4 O-O 11. h5 Bd7 12. h6 Bh8 13. Bg5 Qe7 14. Qc4 Rac8
15. O-O-O b5 16. Qb4 Qd8 17. Qa5 Ra8 18. Rd3 b4 19. Qxb4 Nxd5 20. Nxd5 Qxg5+
21. Qd2 Qd8 22. Ra3 Bc8 23. Qa5 Ra7 24. g3 Qd7 25. Bg4 f5 26. exf5 gxf5 27. Be2
c6 28. Nb6 Qe7 29. Nxc8 Rxc8 30. Rh5 Rf8 31. Qb6 Rc7 32. Rc3 d5 33. Rxc6 Rb7
34. Qa5 Rd7 35. Qd2 Bf6 36. Rxf5 Kh8 37. Rxa6 d4 38. g4 Qd8 39. g5 Be7 40. Rxe5
Rxf2 41. g6 hxg6 42. Rxg6 Qf8 43. Ree6 Bh4 44. Rg4 Rh2 45. Rxd4 Rb7 46. Rxh4
Rxh4 47. Qc3+ Kg8 48. Qg3+ Rg7 49. Qxh4 Rg1+ 50. Kd2 Rg2 51. Qc4 Rxe2+ 52.
Rxe2+ Kh7 53. Qc7+ Kxh6 54. Rh2+ Kg5 55. Qg3+ Kf6 56. Qf4+ Ke7 57. Rh7+ Ke6 58.
Qxf8 Ke5 59. Qc5+ Kf6 60. Qf2+ Ke5 61. Re7+ Kd6 62. Qf6+ Kd5 63. Re5+ Kc4 64.
Qf4# {Hossa checkmated} 1-0

[Event "ICS rated blitz match"]
[Site "204.178.125.65"]
[Date "2000.06.27"]
[Round "?"]
[White "Hossa"]
[Black "Amateur"]
[Result "1-0"]
[WhiteElo "2356"]
[BlackElo "2536"]
[PlyCount "117"]
[EventDate "2000.??.??"]

1. e4 e5 2. Nf3 Nc6 3. Nc3 Nf6 4. Nxe5 Nxe5 5. d4 Nc6 6. d5 Nb8 7. e5 Ng8 8. d6
cxd6 9. exd6 Qa5 10. Bf4 Qb4 11. Qd2 Qxb2 12. Rb1 Qa3 13. Nb5 Qxa2 14. Nc7+ Kd8
15. Rd1 Nf6 16. f3 Nh5 17. Qe2 Nf6 18. Be5 Qa5+ 19. Kf2 Ne8 20. Bc3 Qc5+ 21.
Bd4 Bxd6 22. Nxa8 Qb4 23. c3 Qa3 24. Qc4 Nc6 25. Be3 Be5 26. Qxf7 Qxc3 27. Rd3
Qa1 28. g3 Nb4 29. Rd2 Qc3 30. Bb5 Nc6 31. Rhd1 Nf6 32. Bxc6 bxc6 33. Bxa7
Qxd2+ 34. Rxd2 Ba6 35. Bb6+ Kc8 36. Be3 Rd8 37. Nb6+ Kc7 38. Qe7 Bc3 39. Rd1
Bb5 40. Qa3 d5 41. Qe7+ Nd7 42. Bf4+ Kb7 43. Nxd5 cxd5 44. Qxd8 g5 45. Bxg5 Nb6
46. Rxd5 Nxd5 47. Qxd5+ Ka6 48. Bd8 Ka7 49. Qxb5 Bd4+ 50. Kg2 Be3 51. Qd7+ Ka8
52. Qxh7 Ba7 53. Qe4+ Kb8 54. Ba5 Bg1 55. Kxg1 Kc8 56. Qc6+ Kb8 57. Bc7+ Kc8
58. Be5+ Kd8 59. Bf6# {Amateur checkmated} 1-0

[Event "ICS Rated blitz match"]
[Site "204.178.125.65"]
[Date "2000.06.27"]
[Round "?"]
[White "Sjeng"]
[Black "Hossa"]
[Result "0-1"]
[WhiteElo "2378"]
[BlackElo "2380"]
[PlyCount "108"]
[EventDate "2000.??.??"]

1. d4 Nf6 2. c4 g6 3. g3 d5 4. cxd5 Nxd5 5. Bg2 Bg7 6. Nf3 Nb6 7. O-O Nc6 8. e3
Bg4 9. Nc3 O-O 10. b3 e5 11. dxe5 Nxe5 12. Qxd8 Raxd8 13. Nd4 c5 14. Ndb5 a6
15. Na3 Nf3+ 16. Bxf3 Bxc3 17. Bxg4 Bxa1 18. Bf3 Rd7 19. Bg4 f5 20. Nc2 fxg4
21. Nxa1 Nd5 22. Rd1 Rfd8 23. Nc2 Nc3 24. Rxd7 Rxd7 25. Kg2 Rd1 26. Ba3 Rd2 27.
Ne1 Ne4 28. Bc1 Rd1 29. Nf3 gxf3+ 30. Kxf3 Rxc1 31. Kxe4 c4 32. Kd4 c3 33. f4
b5 34. a3 Kf7 35. Kd3 a5 36. e4 Ke7 37. e5 h6 38. a4 b4 39. h4 Rg1 40. Kc2 h5
41. e6 Kxe6 42. g4 Rxg4 43. Kb1 Rg1+ 44. Kc2 Kf5 45. Kd3 Rg4 46. Kc2 Rxf4 47.
Kd1 Rxh4 48. Kc1 Rh1+ 49. Kc2 Rh2+ 50. Kd1 Rd2+ 51. Kc1 h4 52. Kb1 h3 53. Kc1
h2 54. Kb1 h1=Q# {Sjeng checkmated} 0-1

[Event "ICS rated blitz match"]
[Site "204.178.125.65"]
[Date "2000.06.27"]
[Round "?"]
[White "Hossa"]
[Black "Sjeng"]
[Result "1-0"]
[WhiteElo "2396"]
[BlackElo "2362"]
[PlyCount "64"]
[EventDate "2000.??.??"]

1. Nf3 Nf6 2. b3 g6 3. Bb2 Nc6 4. Nc3 Ng4 5. Nd5 Rg8 6. h3 Nf6 7. Nxf6+ exf6 8.
e3 b6 9. Bb5 Bb7 10. a4 a6 11. Bc4 Na5 12. Bd3 Bc5 13. O-O Nc6 14. Be2 f5 15.
d4 Qf6 16. dxc5 Qxb2 17. cxb6 cxb6 18. Qd2 Rd8 19. Nd4 Nxd4 20. exd4 Be4 21.
Rfe1 Rc8 22. Bc4 Rxc4 23. bxc4 Kd8 24. f3 Bxc2 25. Rac1 Re8 26. Rxe8+ Kxe8 27.
Kf2 Ke7 28. Rxc2 Qb3 29. Qe3+ Qxe3+ 30. Kxe3 Kd6 31. Kd3 f6 32. Kc3 h5 {
Sjeng resigns} 1-0